000 00696nam a22001817a 4500
005 20260401095404.0
008 260401b |||||||| |||| 00| 0 eng d
020 _a978-93-50250-17-4
050 _aR 850 .D 37 2010
100 _aDAS, RANJAN
245 _aBIOMEDICAL RESEARCH METHODOLOGY: INCLUDING BIOSTATISCAL APPLICATIONS
260 _aNEW DELHI,
_bJAYPEE BROTHERS MEDICAL PUBLISHERS (P) LTD
300 _aXX, 238 P, ILL
500 _aINCLUDES BIBLIOGRAPHICAL REFERENCES AND INDEX
650 _a1.Medical research-Methodology-Textbooks 2. Biostatistics-Textbooks 3 .Biomedical sciences-Research-Textbooks 4. Research design-Textbooks
700 _aDAS PN, AK SOOD
942 _2lcc
_cBK
999 _c216912
_d216912